000 00484nam a2200181Ia 4500
005 20250326123456.0
008 250326s9999 xx 000 0 und d
037 _aTextbook
040 _aFMSL
_beng
_cFMSL
041 _aeng
_2eng
084 _aX:51 P6
_qFMSL
100 _aIacobucci D
_9735237
245 0 _aKellog on marketing
_cIacobucci D
260 _aNew York
_bNew York, John Wiley
_c2006
300 _a427p
942 _cTB
_hX:51 P6
999 _c1269516
_d1269516